Anzac battlefield : (Record no. 534801)
[ view plain ]
| 000 -LEADER | |
|---|---|
| fixed length control field | 01085nam a2200277 a 4500 |
| 001 - CONTROL NUMBER | |
| control field | 2017973 |
| 003 - CONTROL NUMBER IDENTIFIER | |
| control field | AM-YEHGA |
| 005 - DATE AND TIME OF LATEST TRANSACTION | |
| control field | 20250714130219.0 |
| 008 - FIXED-LENGTH DATA ELEMENTS--GENERAL INFORMATION | |
| fixed length control field | 250508s2016 at bdo||r|||||00||0|eng|d |
| 020 ## - INTERNATIONAL STANDARD BOOK NUMBER | |
| International Standard Book Number | 9781107111745 (hardback) |
| 040 ## - CATALOGING SOURCE | |
| Original cataloging agency | AM-YEHGA |
| 041 0# - LANGUAGE CODE | |
| Language code of text/sound track or separate title | eng |
| 245 00 - TITLE STATEMENT | |
| Title | Anzac battlefield : |
| Remainder of title | a Gallipoli landscape of war and memory / |
| Statement of responsibility, etc. | edited by Antonio Sagona, Mithat Atabay, C.J. Mackie, Ian McGibbon and Richard Reid. |
| 260 ## - PUBLICATION, DISTRIBUTION, ETC. | |
| Place of publication, distribution, etc. | Port Melbourne, VIC, Australia : |
| Name of publisher, distributor, etc. | Cambridge University Press, |
| Date of publication, distribution, etc. | 2016. |
| 300 ## - PHYSICAL DESCRIPTION | |
| Extent | xxvi, 268 p. 72 unnumbered pages of plates ; |
| Dimensions | 26 cm |
| 504 ## - BIBLIOGRAPHY, ETC. NOTE | |
| Bibliography, etc. note | Includes bibliographical references (pages 251-260) and index. |
| 650 ## - SUBJECT ADDED ENTRY--TOPICAL TERM | |
| Topical term or geographic name entry element | World War, 1914-1918 |
| General subdivision | Campaigns |
| Geographic subdivision | Turkey |
| -- | Gallipoli Peninsula |
| 650 ## - SUBJECT ADDED ENTRY--TOPICAL TERM | |
| Topical term or geographic name entry element | Archaeological surveying |
| Geographic subdivision | Turkey |
| -- | Gallipoli Peninsula |
| 651 04 - SUBJECT ADDED ENTRY--GEOGRAPHIC NAME | |
| Geographic name | Gallipoli Peninsula (Turkey) |
| General subdivision | History |
| 651 04 - SUBJECT ADDED ENTRY--GEOGRAPHIC NAME | |
| Geographic name | Gallipoli Peninsula (Turkey) |
| General subdivision | Antiquities |
| 700 1# - ADDED ENTRY--PERSONAL NAME | |
| Personal name | Sagona, A.G. |
| Relationship | edt |
| 700 1# - ADDED ENTRY--PERSONAL NAME | |
| Personal name | Atabay, Mithat |
| Relationship | edt |
| 700 1# - ADDED ENTRY--PERSONAL NAME | |
| Personal name | Mackie, C.J. |
| Relationship | edt |
| 700 1# - ADDED ENTRY--PERSONAL NAME | |
| Personal name | McGibbon, Ian |
| Relationship | edt |
| 942 ## - ADDED ENTRY ELEMENTS (KOHA) | |
| Source of classification or shelving scheme | Universal Decimal Classification |
| Koha item type | Գրքեր / Books |
| Withdrawn status | Lost status | Source of classification or shelving scheme | Damaged status | Not for loan | Collection | Home library | Current library | Date acquired | Total checkouts | Full call number | Barcode | Date last seen | Price effective from | Koha item type | Public note |
|---|---|---|---|---|---|---|---|---|---|---|---|---|---|---|---|
| Universal Decimal Classification | General | Fundamental Scientific Library | Fundamental Scientific Library | 08/05/2025 | И II/118416 | FL0690123 | 08/05/2025 | 08/05/2025 | Գրքեր / Books | 30 Days Loan |
ՀՀ Գիտությունների ազգային ակադեմիայի հիմնարար գիտական գրադարան = Fundamental Scientific Library of NAS RA
All site content, except where otherwise noted, is licensed under a